| 000 | 00509nam a22001817a 4500 | ||
|---|---|---|---|
| 005 | 20230121133647.0 | ||
| 008 | 220601b ||||| |||| 00| 0 eng d | ||
| 040 |
_aIN-DiNC _cIN-DiNC |
||
| 041 | _dasm | ||
| 082 |
_a954.162 _bHUS |
||
| 100 |
_aHussain, Tasadduque Amanul _eauthor |
||
| 245 |
_aAsomor itihash _cBy Tasadduque Amanul Hussain _badhunik yog 1826-1947 |
||
| 250 | _a1st ed. | ||
| 260 |
_aDibrugarh: _bBanalata, _c2021. |
||
| 300 | _a207p. | ||
| 650 | _aHistory of modern assam | ||
| 942 |
_2ddc _cBK |
||
| 999 |
_c11317 _d11317 |
||